Two Rough Riders : letters from F. Allen McCurdy and J. Kirk McCurdy of Philadelphia, Pennsylvania, who volunteered and fought with the Rough Riders during the Spanish American war of 1898, to their father J.M. McCurdy /

Bibliographic Details
Main Author: McCurdy, Frank Allen, 1877?-1912
Other Authors: McCurdy, John Kirk
Format: Book
Language:English
Subjects:

MARC

Tag First Indicator Second Indicator Subfields
LEADER 00000cam a22000001 4500
001 in00001015913
005 20150928090654.0
008 820802s1902 nyucf 000 0 eng
010 |a  20006167  
029 1 |a AU@  |b 000026471948 
035 |a (OCoLC)ocm08651613 
035 |a (OCoLC)08651613 
035 |9 AFE2274AM 
035 |a (OCoLC)8651613 
040 |a DLC  |b eng  |c PLF  |d DLC  |d OCLCQ  |d KRTAS  |d TXA  |d UtOrBLW 
043 |a n-us--- 
049 |a TXAS [mil] 
050 0 0 |a E729  |b .M14 
090 |a E729  |b .M14 1902 
100 1 |a McCurdy, Frank Allen,  |d 1877?-1912. 
245 1 0 |a Two Rough Riders :  |b letters from F. Allen McCurdy and J. Kirk McCurdy of Philadelphia, Pennsylvania, who volunteered and fought with the Rough Riders during the Spanish American war of 1898, to their father J.M. McCurdy /  |c with an introduction by Joseph Tyler Butt. 
246 1 4 |a Two of the Rough Riders 
264 2 |a New York :  |a London :  |b Printed for private distribution only, F. Tennyson Neely,  |c 1902. 
300 |a vii, 55 pages :  |b frontispiece, plates, portraits ;  |c 24 cm. 
336 |a text  |b txt  |2 rdacontent 
337 |a unmediated  |b n  |2 rdamedia 
338 |a volume  |b nc  |2 rdacarrier 
500 |a The Cushing Library/Ragan Military copy is signed by F. Allen McCurdy and J. Kirk McCurdy, has ephemera pasted in, and contains a bookseller's description. It was acquired with [Photographs of the 71st Infantry Regiment during Spanish-American War, 1898]. 
650 0 |a Spanish-American War, 1898  |v Personal narratives. 
610 1 0 |a United States.  |b Army.  |b Volunteer Cavalry, 1st. 
700 1 |a McCurdy, John Kirk. 
740 2 |a [Photographs of 71st Infantry Regiment during Spanish-American War, 1898]. 
776 0 8 |i Online version:  |a McCurdy, Frank Allen, 1877?-1912.  |t Two Rough riders.  |d New York, London, Printed for private distribution only, F.T. Neely [c1902]  |w (OCoLC)646845341 
938 |a Kirtas Technologies, Inc.  |b KRTS  |n 762920 
994 |a C0  |b TXA 
948 |a updated  |b h  |c 2013/10/11  |d c  |e nbehmer  |f 10:33:55 am 
999 |a MARS 
999 f f |s 96896c40-2098-349b-8ec4-fb96a5e9a521  |i 6f30b1fe-c3de-3840-bc1e-5e170aa959b4  |t 0 
952 f f |p noncirc  |a Texas A&M University  |b College Station  |c Cushing Memorial Library & Archives  |d Cushing: Ragan Military (Does not check out)  |t 0  |e E729 .M14 1902  |h Library of Congress classification  |i unmediated -- volume 
998 f f |a E729 .M14 1902  |t 0  |l Cushing: Ragan Military (Does not check out)